000
00371nam a22001577a 4500
003
MPLRDC
005
20220104144554.0
008
210129b ||||| |||| 00| 0 eng d
082
_a
271.9 LQR
100
_a
罗前人主讲
245
_a
归根认中的提灯者
_c
260
_a
_b
不详
_c
300
_b
平
650
_a
中国其他宗教
942
_c
BK
_o
271.9 LQR
999
_c
50869
_d
50859